| 000 | | | 05623nmc2a22000003x 450 |
| 001 | | | 2c0f1b37-fa56-447f-8f73-892ea688bc44 |
| 005 | | | 20250902132600.0 |
| 100 | ## | $a | 20180118l19151916k l0rusy0189 ca |
| 101 | 0# | $a | rus |
| 102 | ## | $a | RU |
| 200 | 1# | $a | Жалобы, долги и переписка по вырезкам из газет |
| | $j | 9 февраля 1915 г. - 10 августа 1916 г. |
| 251 | ## | $c | Дело |
| 300 | ## | $a | Дело |
| 801 | #0 | $a | RU |
| | $b | РГИА |
| | $c | 20180118 |
| | $g | RCR |
| 801 | #1 | $a | RU |
| | $b | ГлавНИВЦ |
| | $c | 20180118 |
| | $2 | rusmarc |
| 801 | #2 | $a | RU |
| | $b | ПБ им. Б.Н. Ельцина |
| | $c | 20200122 |
| | $g | RCR |
| | $2 | rusmarc |
| 850 | ## | $a | РГИА |
| 852 | ## | $a | РГИА |
| | $e | Федеральное казенное учреждение "Российский государственный исторический архив" (РГИА) |
| | $j | 201 |
| 937 | ## | $h | РГИА |
| | $d | 12226009 |
| | $a | ASBIBLIO_SCAN |
| 462 | #0 | $1 | 00146c96731-af2d-49ce-8199-721d162b0637 |
| | $1 | 2001 |
| | $a | Дела по ученым учреждениям и высшим учебным заведениям Департамента народного просвещения за 1915-1917 годы |
| | $1 | 251 |
| | $c | Опись |
| | $1 | 852 |
| | $j | 156 |
| 461 | #0 | $1 | 001a74412a3-3cc5-4d21-8f0a-dfe2fbd9e72d |
| | $1 | 2001 |
| | $a | Департамент народного просвещения Министерства народного просвещения (1803-1917) |
| | $1 | 251 |
| | $c | Фонд |
| | $1 | 852 |
| | $j | 733 |
| 215 | ## | $a | 347 л. |
| | $d | 36,5х26 см |
| 371 | ## | $a | Документ не является опубликованным и широко распространяемым |
| 105 | ## | $a | y### |
| 122 | 2# | $a | d |
| 035 | ## | $a | 2c0f1b37-fa56-447f-8f73-892ea688bc44 |
| 856 | ## | $u | http://readingroom.main.prlib.ru/item.aspx?id_node=n137337753&mode=full |
| 605 | ## | $2 | acquisition_Prlib |
| | $3 | DITM\AF\0000003834 |
| | $a | Народ |
| | $l | коллекция |
| 605 | ## | $a | Власть |
| | $l | коллекция |
| | $2 | acquisition_Prlib |
| | $3 | DITM\AF\0000002775 |
| 605 | ## | $2 | acquisition_Prlib |
| | $3 | LIBNET\UAF\0000107109 |
| | $a | История образования в России |
| | $l | коллекция |
| 605 | ## | $2 | acquisition_Prlib |
| | $3 | LIBNET\UAF\0000032161 |
| | $a | Первая мировая война |
| | $l | коллекция |
| 606 | 1# | $2 | nlr_sh |
| | $3 | RU\NLR\AUTH\6601669061 |
| | $a | Высшее образование |
| | $x | История |
| | $y | Россия |
| | $z | 1914 - 1917 |
| | $j | Документы и материалы |
| 606 | 1# | $a | Студенчество |
| | $x | История |
| | $y | Россия |
| | $j | Документы и материалы |
| | $2 | nlr_sh |
| | $3 | RU\NLR\AUTH\661429018 |
| 686 | ## | $a | 74.483ю11 |
| | $v | LBC/M |
| | $2 | rubbk |
| 686 | ## | $a | 63.3(2)534ю11 |
| | $v | LBC/M |
| | $2 | rubbk |